000 00380nam a2200133Ia 4500
008 220217s9999||||xx |||||||||||||| ||und||
020 _a9788126518326
082 _a004.65 TRO
100 _aTroppen, Ulf and others
_98254
245 0 _aStorage Networks Explained
260 _aWiley india Pvt.Ltd.
_bNew Delhi
_c2012
300 _axxxi;400
_b379
650 _aCOMPUTER NETWORK
999 _c184124
_d184124